Ādhā gāṃva / (Record no. 75366)
[ view plain ]
| 000 -LEADER | |
|---|---|
| fixed length control field | 00547cam a2200205 i 4500 |
| 001 - CONTROL NUMBER | |
| control field | sa 67005682 |
| 003 - CONTROL NUMBER IDENTIFIER | |
| control field | DLC |
| 005 - DATE AND TIME OF LATEST TRANSACTION | |
| control field | 20260227112359.0 |
| 008 - FIXED-LENGTH DATA ELEMENTS--GENERAL INFORMATION | |
| fixed length control field | 840913s1966 ii 000 0 hino |
| 010 ## - LIBRARY OF CONGRESS CONTROL NUMBER | |
| LC control number | sa 67005682 |
| 040 ## - CATALOGING SOURCE | |
| Original cataloging agency | DLC |
| Transcribing agency | DLC |
| Modifying agency | DLC |
| 050 00 - LIBRARY OF CONGRESS CALL NUMBER | |
| Classification number | PK2098.R49 |
| Item number | A7 |
| 100 0# - MAIN ENTRY--PERSONAL NAME | |
| Personal name | Rāhī Māsūma Razā, |
| Dates associated with a name | 1927-1992. |
| 245 10 - TITLE STATEMENT | |
| Title | Ādhā gāṃva / |
| Statement of responsibility, etc. | Rāhī Māsūma Razā. |
| 250 ## - EDITION STATEMENT | |
| Edition statement | 1. saṃskara.na. |
| 260 ## - PUBLICATION, DISTRIBUTION, ETC. | |
| Place of publication, distribution, etc. | Dillī : |
| Name of publisher, distributor, etc. | Akshara Prakāśana, |
| Date of publication, distribution, etc. | 1966. |
| 300 ## - PHYSICAL DESCRIPTION | |
| Extent | 433 p. ; |
| Dimensions | 19 cm. |
| 500 ## - GENERAL NOTE | |
| General note | Novel. |
| 500 ## - GENERAL NOTE | |
| General note | In Hindi. |
No items available.